00256nam a2200109Ia 4500008004100000100001400041245003700055260001700092650001300109942000700122999001700129190216s9999||||xx |||||||||||||| ||und|| aKareem Ck 0aIbnubathoothayude Kalla Kathakal bNbs Kottayam aKathakal cBK c24745d24745